Score 0/22 Timer 07:00
0 Plays Today
Answer % Correct
Arsenal
98.9%
Manchester United
98.8%
Liverpool
97.5%
Chelsea
95.3%
Everton
94.3%
Aston Villa
93.7%
Manchester City
92.7%
Tottenham Hotspur
92.2%
Leeds United
89.6%
Blackburn Rovers
83.1%
Southampton
78.2%
Answer % Correct
Norwich City
77.4%
Nottingham Forest
77.1%
Sheffield Wednesday
71.8%
Middlesbrough
71.5%
Queens Park Rangers
67.7%
Crystal Palace
67.5%
Wimbledon
67.5%
Coventry City
67.3%
Sheffield United
66.8%
Ipswich Town
66.6%
Oldham
61.2%
Remove Ads.
Support Sporcle.
Get the best of Sporcle when you Go Orange. This ad-free experience offers more features, more stats, and more fun while also helping to support Sporcle. Thank you for becoming a member.

You're not logged in!

Compare scores with friends on all Sporcle quizzes.
OR
Log In

Sporcle TV

Today on Sporcle TV


Watch our educational content, quiz creation guides, and fun videos on Sporcle TV.

Show Comments

Extras

Top Quizzes Today


Score Distribution

Paid Content

Your Account Isn't Verified!

In order to create a playlist on Sporcle, you need to verify the email address you used during registration. Go to your Sporcle Settings to finish the process.

Report this User

Report this user for behavior that violates our Community Guidelines.

Details: